000 02023nkm0a2200397 4500
001 RU\NLR\DIGIT\113687
005 20260407063732.0
035 _a(NLR Aleph) 010170942
090 _a13632210
_c13632210
100 _a20120119d1766 m y0rusy50 ca
101 0 _arus
102 _aRU
116 _aiiybxx bm zz
135 _acoco 024aaaaa
200 1 _aАнна Иоанновна Императрица и Самодержица Всероссийская
_bИзоматериал
_e[эстамп]
_fAnna Joannowna Jmperatrix totius Russie
_zlat
210 _a[Санкт-Петербург
_d1766]
215 _a1 л.
_cГравюра черной манерой
_d34х23; 35,4х 25,3 см
325 _aКопия доступна в Электрон. б-ке РНБ http://vivaldi.nlr.ru/le000000236/view
327 1 _aПортрет, поясной, прямолично, в овале
600 0 _aАнна Ивановна
_cимператрица российская
_f1693 - 1740
_9983068
_3RU\NLR\AUTH\6651998
606 1 _aПортретная гравюра русская
_92491577
_3RU\NLR\AUTH\661478355
606 1 _aГравюра русская
_z18 в.
_9985644
_3RU\NLR\AUTH\66371634
686 0 _aЩ153(2Р=Рус)4-45
700 1 _4350
_7ca
_8rus
_aШтенглин
_bИ.
_f1715-ок. 1777
_gИоганн
_3RU\NLR\AUTH\770290885
_92700258
702 0 _4570
_8rus
_7ca
_aАнна Ивановна
_cимператрица российская
_f1693-1740
_3RU\NLR\AUTH\7713835
_9123517
801 2 _aRU
_bNLR
_c20120119
_2rusmarc
852 _aNLR
_bЭ
_jГП/4-А680
_pЭ104704 № 6026
856 0 _uhttp://vivaldi.nlr.ru/le000000236/view
856 1 _uhttp://vivaldi.nlr.ru/le000000236/cover
856 2 _uhttp://vivaldi.nlr.ru/le000000236/text
942 _cVISUAL
980 _aNB
981 3 6 _a(36) Цифровой репозиторий РНБ
981 1 7 _a(17) Изографические материалы
_b(17) Портреты